The passion of a dreamer / (Record no. 33525)
[ view plain ]
| 000 -LEADER | |
|---|---|
| fixed length control field | 00709nam a22002297a 4500 |
| 008 - FIXED-LENGTH DATA ELEMENTS--GENERAL INFORMATION | |
| fixed length control field | 251021b |||||||| |||| 00| 0 eng d |
| 017 ## - LEGAL DEPOSIT NUMBER | |
| Legal deposit number | LD.2513 |
| 018 ## - LEGAL DEPOSIT YEAR | |
| LDD Year | 2025 |
| 020 ## - INTERNATIONAL STANDARD BOOK NUMBER | |
| ISBN | 9789788548195 |
| 040 ## - CATALOGING SOURCE | |
| Original cataloging agency | NLN |
| Language of cataloging | English |
| Description conventions | AACR2 |
| 100 ## - MAIN ENTRY--AUTHOR | |
| Author | ANI, Light O. |
| Relator term | aut |
| 245 ## - TITLE STATEMENT | |
| Title | The passion of a dreamer / |
| Statement of responsibility, etc | Light Onyiyechi Ani |
| 260 ## - PUBLICATION, DISTRIBUTION, ETC. (IMPRINT) | |
| Place of publication | Benin City, Edo State (P. O. Box 5089, No. 22 Benin Technical College Road Ugbowo) : |
| Name of publisher | Mindex Publishing Company, |
| Date of publication | 2020 |
| 300 ## - COLLATION | |
| Pagination | 82p. ; |
| Other physical details | 17cm. |
| 563 ## - BINDING INFORMATION | |
| Binding note | (pbk.) |
| 650 ## - TRACINGS | |
| Main Subject | Nigerian fiction (English) |
| 650 ## - TRACINGS | |
| Main Subject | Nigerian literature (English) |
| 942 ## - ADDED ENTRY ELEMENTS (KOHA) | |
| Item type | Books |
| Suppress in OPAC | No |
| 050 ## - LIBRARY OF CONGRESS CALL NUMBER | |
| Classification number | PR9387.9.A597 |
| Item number | P288 |
| 082 ## - DEWEY DECIMAL CLASSIFICATION NUMBER | |
| Classification number | 823 |
| Source of classification or shelving scheme | Not for loan | Home library | Current library | Date acquired | Mode of acquisition | Accession No. | Full call number | Barcode. | Copy number | Koha item type |
|---|---|---|---|---|---|---|---|---|---|---|
| Library of Congress Classification | ABUJA LIBRARY BRANCH | National Library of Nigeria | 21/10/2025 | Legal deposit | 459514 | PR9387.9.A597 P288 | 459514 | 1 | Books | |
| Library of Congress Classification | ABAKALIKI BRANCH | National Library of Nigeria | 21/10/2025 | Legal deposit | 459515 | PR9387.9.A597 P288 | 459515 | 1 | Books | |
| Library of Congress Classification | BENIN BRANCH | National Library of Nigeria | 21/10/2025 | Legal deposit | 459513 | PR9387.9.A597 P288 | 459513 | 1 | Books |
